Book Of Luck (Record no. 310831)
[ view plain ]
| 000 -LEADER | |
|---|---|
| fixed length control field | 00388nam a2200157Ia 4500 |
| 008 - FIXED-LENGTH DATA ELEMENTS--GENERAL INFORMATION | |
| fixed length control field | 230718s9999 xx 000 0 und d |
| 041 ## - LANGUAGE CODE | |
| Language code of text/sound track or separate title | eng |
| 082 ## - DEWEY DECIMAL CLASSIFICATION NUMBER | |
| Classification number | 650.1 |
| Item number | SUM |
| 100 ## - MAIN ENTRY--PERSONAL NAME | |
| Personal name | Summers H |
| 9 (RLIN) | 127199 |
| 245 ## - TITLE STATEMENT | |
| Title | Book Of Luck |
| 260 ## - PUBLICATION, DISTRIBUTION, ETC. (IMPRINT) | |
| Date of publication, distribution, etc. | 2005 |
| Name of publisher, distributor, etc. | Capstone |
| 300 ## - PHYSICAL DESCRIPTION | |
| Extent | 240 |
| 365 ## - TRADE PRICE | |
| Currency code | Rs. |
| Price amount | 683.00 |
| 700 ## - ADDED ENTRY--PERSONAL NAME | |
| Personal name | Summers H & Watson A |
| 9 (RLIN) | 188771 |
| 906 ## - LOCAL DATA ELEMENT F, LDF (RLIN) | |
| d | 4602/25.07.2005 |
| c | OTH |
| b | 136.6 |
| Withdrawn status | Lost status | Damaged status | Not for loan | Home library | Current library | Date acquired | Vendor | Budget Code | Cost, normal purchase price | Bill number | Total Checkouts | Full call number | Barcode | Date last seen | Date last checked out | Discount | Cost, replacement price | Bill Date | Koha item type | Original Barcode |
|---|---|---|---|---|---|---|---|---|---|---|---|---|---|---|---|---|---|---|---|---|
| Cummins College of Engineering for Women Pune | Cummins College of Engineering for Women Pune | 05/08/2005 | Masurkar EnterPritam Bookses | OTH | 546.40 | 4602/25.07.2005 | 1 | 650.1 | CCEP-BK-22038 | 21/02/2026 | 11/02/2026 | 136.6 | 683.00 | 25/07/2005 | Books | 022038 |